|
|
|
|
| LEADER |
00000cam a2200000 7i4500 |
| 001 |
0000057593 |
| 005 |
20170809.0 |
| 008 |
151230 |
| 020 |
|
|
|a 9789831249970
|
| 090 |
0 |
0 |
|a 646.72
|b AZM
|
| 100 |
0 |
|
|a Azman Razali
|
| 245 |
1 |
0 |
|a 8 tatagaya solekan
|c Azman Razali
|
| 260 |
|
|
|a Selangor :
|b Grup Buku Karangkraf Sdn. Bhd ,
|c 2014
|
| 300 |
|
|
|a 25 p. ;
|c 27.5 cm.
|
| 650 |
|
0 |
|a Beauty, Personal
|
| 650 |
|
0 |
|a Cosmetics
|
| 999 |
|
|
|a 0001380414
|b Book
|c Adult Collection
|e Perbadanan Perpustakaan Awam Johor
|
| 999 |
|
|
|a 0001380415
|b Book
|c Adult Collection
|e Cawangan Urban Transformation Centre
|
| 999 |
|
|
|a 0001381073
|b Book
|c Adult Collection
|e Cawangan Tangkak
|
| 999 |
|
|
|a 0001381074
|b Book
|c Adult Collection
|e Cawangan Bukit Gambir
|
| 999 |
|
|
|a 0001381075
|b Book
|c Adult Collection
|e Cawangan Segamat
|
| 999 |
|
|
|a 0001381076
|b Book
|c Adult Collection
|e Cawangan Muar
|
| 999 |
|
|
|a 0001381078
|b Book
|c Adult Collection
|e Cawangan Taman Sri Lambak
|
| 999 |
|
|
|a 0001381079
|b Book
|c Adult Collection
|e Cawangan Mersing
|
| 999 |
|
|
|a 0001381080
|b Book
|c Adult Collection
|e Cawangan Bandar Penawar
|
| 999 |
|
|
|a 0001381081
|b Book
|c Adult Collection
|e Cawangan Sri Merlong
|
| 999 |
|
|
|a 0001381082
|b Book
|c Adult Collection
|e Cawangan Pontian
|
| 999 |
|
|
|a 0001381083
|b Book
|c Adult Collection
|e Cawangan Tmn. Ungku Tun Aminah
|
| 999 |
|
|
|a 0001381084
|b Book
|c Adult Collection
|e Cawangan Kota Tinggi
|
| 999 |
|
|
|a 0001381085
|b Book
|c Adult Collection
|e Cawangan Bandar Tenggara
|